[Event "PAR-ch sf"]
[Site "Asuncion"]
[Date "2022.06.11"]
[Round "4"]
[White "Caceres Benitez, Arturo Eduardo"]
[Black "Gonzalez, Augusto"]
[Result "1/2-1/2"]
[WhiteElo "1510"]
[BlackElo "1716"]
[PlyCount "143"]
[EventDate "2022.06.10"]
[EventType "swiss"]
[EventRounds "7"]
[EventCountry "PAR"]
[SourceTitle "EXT 2023"]
[Source "ChessBase"]
[SourceDate "2022.10.05"]
[SourceVersion "1"]
[SourceVersionDate "2022.10.05"]
[SourceQuality "1"]

1. e4 e5 2. Nf3 Nf6 3. Nc3 Bb4 4. Bc4 Bxc3 5. dxc3 d6 6. h3 0-0 7. Qe2 Nbd7 8. Bg5 Nc5 9. 0-0-0 Qe7 10. g4 Be6 11. Nh4 h6 12. Be3 Nfxe4 13. Bxe6 Qxe6 14. Kb1 Na4 15. Qd3 Nec5 16. Qf5 Qc4 17. Bxc5 Qxc5 18. Rd3 Qb5 19. b3 Qc6 20. Rg1 Nxc3+ 21. Rxc3 Qxc3 22. g5 h5 23. g6 fxg6 24. Qe6+ Rf7 25. Nxg6 Qf3 26. Ne7+ Kh7 27. Qg6+ Kh8 28. Rg5 Rxe7 29. Rxh5+ Qxh5 30. Qxh5+ Kg8 31. Qg6 Rf7 32. Qg2 c6 33. h4 Raf8 34. Qg4 Rf6 35. a4 d5 36. a5 a6 37. Qd7 R6f7 38. Qe6 e4 39. h5 Kh8 40. h6 gxh6 41. Qxh6+ Kg8 42. Qg6+ Rg7 43. Qe6+ Rgf7 44. c4 dxc4 45. bxc4 Kg7 46. Qg4+ Kh8 47. Qh4+ Kg8 48. Qg5+ Kh8 49. Qe5+ Kg8 50. Qxe4 Rxf2 51. Qg6+ Kh8 52. Qh6+ Kg8 53. Qh5 Rg2 54. Qd1 Rff2 55. Qd8+ Kg7 56. Qd4+ Kg6 57. Qd3+ Kg5 58. Qe3+ Kg4 59. Qe4+ Kh3 60. Qh7+ Kg3 61. Qc7+ Kf3 62. Qf7+ Ke3 63. Qe6+ Kd4 64. Qd6+ Kxc4 65. Qe6+ Kc3 66. Qe3+ Kb4 67. Qe7+ Kxa5 68. Qa3+ Kb6 69. Qb4+ Kc7 70. Qe7+ Kb8 71. Qd8+ Ka7 72. Qd4+ 1/2-1/2

[Event "Villarrica op 1st"]
[Site "Villarrica"]
[Date "2021.02.28"]
[Round "4"]
[White "Gonzalez, Augusto"]
[Black "Melian, Juan Sebastian"]
[Result "0-1"]
[WhiteElo "1779"]
[BlackElo "1950"]
[PlyCount "66"]
[EventDate "2021.02.27"]
[EventType "swiss"]
[EventRounds "7"]
[EventCountry "PAR"]
[SourceTitle "EXT 2022"]
[Source "ChessBase"]
[SourceDate "2021.10.06"]
[SourceVersion "1"]
[SourceVersionDate "2021.10.06"]
[SourceQuality "1"]

1. d4 Nf6 2. c4 e6 3. Nc3 Bb4 4. e3 0-0 5. Bd3 d5 6. Nf3 dxc4 7. Bxc4 b6 8. 0-0 Bb7 9. Qe2 Nbd7 10. Rd1 Qe7 11. Bd3 e5 12. Nxe5 Nxe5 13. dxe5 Bxc3 14. bxc3 Qxe5 15. Bb2 Ne4 16. c4 Qg5 17. Bxe4 Bxe4 18. f3 Bc6 19. e4 Ba4 20. Rd5 Qe7 21. Qd3 Rfd8 22. Ba3 c5 23. Bb2 Bc6 24. Rd1 Bxd5 25. cxd5 f6 26. f4 c4 27. Qxc4 Rac8 28. Qd4 Qc5 29. Qxc5 Rxc5 30. Rd2 f5 31. Ba3 Ra5 32. Bb4 Rb5 33. Be7 Rd7 0-1

[Event "Villarrica op 1st"]
[Site "Villarrica"]
[Date "2021.02.27"]
[Round "1"]
[White "Franco Diarte, Juan Fernando"]
[Black "Gonzalez, Augusto"]
[Result "0-1"]
[WhiteElo "1065"]
[BlackElo "1779"]
[PlyCount "56"]
[EventDate "2021.02.27"]
[EventType "swiss"]
[EventRounds "7"]
[EventCountry "PAR"]
[SourceTitle "EXT 2022"]
[Source "ChessBase"]
[SourceDate "2021.10.06"]
[SourceVersion "1"]
[SourceVersionDate "2021.10.06"]
[SourceQuality "1"]

1. d4 Nf6 2. Nf3 d5 3. Nc3 Bf5 4. Bg5 Nbd7 5. Bxf6 Nxf6 6. e3 e6 7. Bd3 Bxd3 8. Qxd3 c6 9. a3 Bd6 10. Ne5 Nd7 11. Nxd7 Qxd7 12. f4 f5 13. b4 b5 14. Ne2 a5 15. bxa5 Rxa5 16. 0-0 0-0 17. Rf3 Rfa8 18. Rg3 Rxa3 19. Rxa3 Rxa3 20. Qd2 Qa7 21. Kf2 Qa5 22. Qd1 Ra1 23. Nc1 Ba3 24. Qh5 Qd2+ 25. Qe2 Qxc1 26. Rxg7+ Kxg7 27. Qh5 Qe1+ 28. Kf3 Qd1+ 0-1

[Event "Villarrica op 1st"]
[Site "Villarrica"]
[Date "2021.02.27"]
[Round "2"]
[White "Gonzalez, Augusto"]
[Black "Ocampos, Luis"]
[Result "1-0"]
[WhiteElo "1779"]
[BlackElo "1431"]
[PlyCount "75"]
[EventDate "2021.02.27"]
[EventType "swiss"]
[EventRounds "7"]
[EventCountry "PAR"]
[SourceTitle "EXT 2022"]
[Source "ChessBase"]
[SourceDate "2021.10.06"]
[SourceVersion "1"]
[SourceVersionDate "2021.10.06"]
[SourceQuality "1"]

1. d4 d5 2. c4 Nf6 3. cxd5 Nxd5 4. Nf3 Nf6 5. Nc3 e6 6. e4 Bb4 7. Bd3 Nbd7 8. 0-0 h6 9. Qe2 0-0 10. e5 Nd5 11. Bd2 c5 12. Nxd5 Bxd2 13. Nxd2 exd5 14. e6 fxe6 15. Qxe6+ Kh8 16. Qxd5 Nf6 17. Qxc5 b6 18. Qc2 Bb7 19. Nb3 Rc8 20. Qd2 Qd5 21. f3 a5 22. Qf4 a4 23. Nd2 Rcd8 24. Rfd1 Qxd4+ 25. Qxd4 Rxd4 26. Nf1 Rfd8 27. Bc2 b5 28. Rxd4 Rxd4 29. Rd1 Rxd1 30. Bxd1 Nd5 31. a3 Bc6 32. Kf2 b4 33. axb4 Nxb4 34. Ke3 Bb5 35. Nd2 Nd3 36. Bxa4 Bxa4 37. Kxd3 Bb5+ 38. Kd4 1-0

[Event "Florianopolis op 6th"]
[Site "Florianopolis"]
[Date "2020.01.24"]
[Round "7"]
[White "Zampronha, Wladimir Camilo"]
[Black "Gonzalez, Augusto"]
[Result "1/2-1/2"]
[WhiteElo "2179"]
[BlackElo "1760"]
[PlyCount "104"]
[EventDate "2020.01.20"]
[EventType "swiss"]
[EventRounds "10"]
[EventCountry "BRA"]
[SourceTitle "CBM 194 Extra"]
[Source "ChessBase"]
[SourceDate "2020.03.31"]
[SourceVersion "1"]
[SourceVersionDate "2020.03.31"]
[SourceQuality "1"]

1. c4 Nf6 2. Nc3 e6 3. e4 d5 4. e5 d4 5. exf6 dxc3 6. bxc3 Qxf6 7. d4 c5 8. Nf3 h6 9. Bd3 cxd4 10. cxd4 Nc6 11. Be4 Bb4+ 12. Bd2 Bxd2+ 13. Qxd2 0-0 14. 0-0 Rd8 15. Bxc6 bxc6 16. Qe3 Ba6 17. Ne5 c5 18. dxc5 Rac8 19. Rad1 Qe7 20. Rxd8+ Qxd8 21. Qa3 Bb7 22. Qxa7 Qc7 23. c6 Bxc6 24. Qxc7 Rxc7 25. Nxc6 Rxc6 26. Rc1 Kf8 27. Kf1 Ke7 28. Ke2 Kd6 29. Rd1+ Kc7 30. Kd3 Ra6 31. Rd2 Ra3+ 32. Kd4 Kc6 33. Rc2 f6 34. f4 g5 35. fxg5 hxg5 36. Rf2 f5 37. Re2 Kd7 38. Kc5 f4 39. Kb4 Ra8 40. a4 g4 41. Re4 Rf8 42. Kc5 Rf5+ 43. Kd4 e5+ 44. Kd5 f3 45. gxf3 gxf3 46. Re1 f2 47. Rf1 Rf4 48. c5 e4 49. Kd4 e3+ 50. Kxe3 Rxa4 51. Rxf2 Rc4 52. Kf3 Rxc5 1/2-1/2

[Event "Florianopolis op 6th"]
[Site "Florianopolis"]
[Date "2020.01.23"]
[Round "6"]
[White "Gonzalez, Augusto"]
[Black "Terao, Juliana Sayumi"]
[Result "0-1"]
[WhiteElo "1760"]
[BlackElo "2232"]
[PlyCount "76"]
[EventDate "2020.01.20"]
[EventType "swiss"]
[EventRounds "10"]
[EventCountry "BRA"]
[SourceTitle "CBM 194 Extra"]
[Source "ChessBase"]
[SourceDate "2020.03.31"]
[SourceVersion "1"]
[SourceVersionDate "2020.03.31"]
[SourceQuality "1"]

1. d4 Nf6 2. c4 e6 3. Nc3 Bb4 4. e3 0-0 5. Bd3 d5 6. Nf3 c5 7. 0-0 dxc4 8. Bxc4 Bxc3 9. bxc3 Qc7 10. Qe2 Rd8 11. Bd3 Nc6 12. Rd1 e5 13. Nxe5 Nxe5 14. dxe5 Qxe5 15. h3 Bf5 16. Bb2 Bxd3 17. Rxd3 Rxd3 18. Qxd3 h6 19. Rd1 Re8 20. Qe2 Re6 21. c4 Qe4 22. Ba3 b6 23. Bb2 Qf5 24. Rd8+ Kh7 25. Qd3 Qxd3 26. Rxd3 Ne4 27. f4 Nd6 28. g4 Nxc4 29. Bc1 Rd6 30. Rxd6 Nxd6 31. Kg2 g6 32. Kf3 f5 33. Bb2 Kg8 34. Be5 Ne4 35. h4 h5 36. gxf5 gxf5 37. Ke2 Kf7 38. Kd3 b5 0-1

[Event "Florianopolis op 6th"]
[Site "Florianopolis"]
[Date "2020.01.21"]
[Round "3"]
[White "Flores, Clarice Soares Leit"]
[Black "Gonzalez, Augusto"]
[Result "0-1"]
[WhiteElo "1546"]
[BlackElo "1760"]
[PlyCount "66"]
[EventDate "2020.01.20"]
[EventType "swiss"]
[EventRounds "10"]
[EventCountry "BRA"]
[SourceTitle "CBM 194 Extra"]
[Source "ChessBase"]
[SourceDate "2020.03.31"]
[SourceVersion "1"]
[SourceVersionDate "2020.03.31"]
[SourceQuality "1"]

1. d4 Nf6 2. Nf3 d5 3. Bf4 c5 4. c3 Nc6 5. e3 Qb6 6. Qb3 c4 7. Qc2 g6 8. Nbd2 Bf5 9. Qc1 Bg7 10. Ne5 Nxe5 11. Bxe5 0-0 12. Be2 Bh6 13. h3 Nd7 14. Bg3 f6 15. Bg4 Bxg4 16. hxg4 Bg7 17. b3 cxb3 18. axb3 e5 19. 0-0 Rac8 20. Qc2 a5 21. Rfe1 f5 22. gxf5 Rxf5 23. Nf3 e4 24. Nd2 Nf6 25. Rec1 Nh5 26. Bh2 Rcf8 27. Rf1 Bh6 28. Be5 Qe6 29. b4 Rg5 30. c4 Qh3 31. Bg3 Rxg3 32. fxg3 Bxe3+ 33. Rf2 Bxf2+ 0-1

[Event "Florianopolis op 6th"]
[Site "Florianopolis"]
[Date "2020.01.20"]
[Round "1"]
[White "Lopes, Leonardo Borges"]
[Black "Gonzalez, Augusto"]
[Result "0-1"]
[WhiteElo "1466"]
[BlackElo "1760"]
[PlyCount "51"]
[EventDate "2020.01.20"]
[EventType "swiss"]
[EventRounds "10"]
[EventCountry "BRA"]
[SourceTitle "CBM 194 Extra"]
[Source "ChessBase"]
[SourceDate "2020.03.31"]
[SourceVersion "1"]
[SourceVersionDate "2020.03.31"]
[SourceQuality "1"]

1. c4 Nf6 2. Nc3 e6 3. e4 d5 4. e5 d4 5. exf6 dxc3 6. Nf3 Qxf6 7. bxc3 h6 8. d4 Bd6 9. Qa4+ c6 10. Ba3 Qe7 11. Bxd6 Qxd6 12. Rb1 Nd7 13. Bd3 0-0 14. 0-0 e5 15. Rfe1 exd4 16. Nxd4 Nf6 17. h3 Qf4 18. Re7 Bxh3 19. Rbxb7 Bxg2 20. Kxg2 Qg4+ 21. Kf1 Qf4 22. Qc2 Rfe8 23. Kg1 Rxe7 24. Rxe7 Rb8 25. Qe2 Qh4 26. Qe5 0-1

[Event "Asuncion DTA op 6th"]
[Site "Asuncion"]
[Date "2019.08.03"]
[Round "4"]
[White "Aguero, Wilson Martin"]
[Black "Gonzalez, Augusto"]
[Result "0-1"]
[WhiteElo "1469"]
[BlackElo "1767"]
[PlyCount "120"]
[EventDate "2019.08.01"]
[EventType "swiss"]
[EventRounds "7"]
[EventCountry "PAR"]
[SourceTitle "EXT 2020"]
[Source "ChessBase"]
[SourceDate "2019.10.17"]
[SourceVersion "1"]
[SourceVersionDate "2019.10.17"]
[SourceQuality "1"]

1. d4 Nf6 2. g3 d5 3. Bg2 Bf5 4. c4 c6 5. cxd5 cxd5 6. Nf3 e6 7. 0-0 Bd6 8. Bg5 Nbd7 9. Nc3 0-0 10. Nb5 Bb8 11. Nc3 h6 12. Bxf6 Nxf6 13. Qb3 Bd6 14. Rfc1 a6 15. Na4 b5 16. Nc5 Ne4 17. Nb7 Qe7 18. Nxd6 Nxd6 19. Nd2 Nc4 20. Nxc4 bxc4 21. Qc3 Rab8 22. f3 Rfc8 23. e4 Bg6 24. Re1 Qb4 25. Qxb4 Rxb4 26. Re2 Rcb8 27. Rb1 c3 28. b3 Rxd4 29. Rc1 Rc8 30. Kf2 dxe4 31. fxe4 Rd3 32. Rec2 Bh5 33. Bf1 Rf3+ 34. Kg2 Rf6 35. Rxc3 Bf3+ 36. Kg1 Rxc3 37. Rxc3 e5 38. Bg2 Be2 39. Re3 Bb5 40. Rc3 Rd6 41. a4 Bd7 42. Kf2 Rd2+ 43. Kf3 Rb2 44. Bf1 a5 45. h4 Be6 46. Bc4 Bxc4 47. bxc4 Kf8 48. c5 Ke7 49. c6 Rb8 50. Ke3 Kd6 51. c7 Rc8 52. Kd3 Rxc7 53. Rxc7 Kxc7 54. Kc4 Kc6 55. g4 h5 56. g5 f6 57. g6 Kd6 58. Kd3 Ke6 59. Ke3 f5 60. exf5+ Kxf5 0-1

[Event "Coronel Oviedo op 5th"]
[Site "Coronel Oviedo"]
[Date "2019.07.12"]
[Round "3"]
[White "Benitez Galeano, Alejandro"]
[Black "Gonzalez, Augusto"]
[Result "1-0"]
[WhiteElo "2136"]
[BlackElo "1745"]
[PlyCount "91"]
[EventDate "2019.07.11"]
[EventType "swiss"]
[EventRounds "7"]
[EventCountry "PAR"]
[SourceTitle "EXT 2020"]
[Source "ChessBase"]
[SourceDate "2019.10.17"]
[SourceVersion "1"]
[SourceVersionDate "2019.10.17"]
[SourceQuality "1"]

1. Nf3 d5 2. c4 e6 3. e3 Nf6 4. b3 Be7 5. Bb2 0-0 6. Nc3 Nbd7 7. d4 b6 8. cxd5 exd5 9. Bd3 Bb7 10. 0-0 c5 11. Rc1 a6 12. Ne5 Bd6 13. f4 cxd4 14. exd4 Re8 15. Qf3 Bb4 16. Bf5 Nf8 17. a3 Bxc3 18. Rxc3 Ne4 19. Rc2 f6 20. Nd3 Bc8 21. Qh3 Nd6 22. Bxc8 Rxc8 23. Rxc8 Qxc8 24. Qxc8 Rxc8 25. Nb4 Ne4 26. Rc1 Rxc1+ 27. Bxc1 Ne6 28. Nc6 Kf7 29. f5 Nc7 30. Bf4 Nb5 31. a4 Nbc3 32. Kf1 b5 33. a5 Na2 34. Ke2 g6 35. g4 Ke8 36. Bd2 gxf5 37. gxf5 Nd6 38. Kd3 Nxf5 39. Kc2 Kd7 40. Nb8+ Kc8 41. Nxa6 Nxd4+ 42. Kb2 Nf3 43. Bf4 d4 44. Kxa2 d3 45. Kb2 Nd4 46. Nc5 1-0

[Event "Asuncion Estandar op"]
[Site "Asuncion"]
[Date "2019.01.20"]
[Round "6"]
[White "Gonzalez, Augusto"]
[Black "Oviedo Acosta, Paula"]
[Result "1-0"]
[WhiteElo "1737"]
[BlackElo "1484"]
[PlyCount "61"]
[EventDate "2019.01.18"]
[EventType "swiss"]
[EventRounds "7"]
[EventCountry "PAR"]
[SourceTitle "CBM 188 Extra"]
[Source "ChessBase"]
[SourceDate "2019.02.26"]
[SourceVersion "1"]
[SourceVersionDate "2019.02.26"]
[SourceQuality "1"]

1. d4 Nf6 2. c4 c5 3. d5 e6 4. Nc3 exd5 5. cxd5 d6 6. e4 g6 7. h3 Bg7 8. Bd3 0-0 9. Nf3 Re8 10. 0-0 c4 11. Bc2 a6 12. a4 Nbd7 13. Bf4 Nc5 14. Re1 Rb8 15. e5 dxe5 16. Nxe5 Ra8 17. Nxc4 Nh5 18. Rxe8+ Qxe8 19. Bh2 Qd8 20. Qf3 Qf6 21. Qxf6 Bxf6 22. Nb6 Bxc3 23. bxc3 Bf5 24. Bxf5 Rd8 25. Bc2 Nf6 26. Rd1 Nfd7 27. Bc7 Re8 28. Nxd7 Nxd7 29. a5 Re2 30. Ba4 Nc5 31. d6 1-0

[Event "Asuncion Estandar op"]
[Site "Asuncion"]
[Date "2019.01.19"]
[Round "3"]
[White "Gonzalez, Augusto"]
[Black "Montiel, Angel Nathanael"]
[Result "1-0"]
[WhiteElo "1737"]
[BlackElo "1648"]
[PlyCount "89"]
[EventDate "2019.01.18"]
[EventType "swiss"]
[EventRounds "7"]
[EventCountry "PAR"]
[SourceTitle "CBM 188 Extra"]
[Source "ChessBase"]
[SourceDate "2019.02.26"]
[SourceVersion "1"]
[SourceVersionDate "2019.02.26"]
[SourceQuality "1"]

1. d4 d5 2. c4 e6 3. Nc3 Be7 4. Nf3 Nf6 5. cxd5 exd5 6. Bg5 c5 7. e3 Nbd7 8. Bd3 h6 9. Bh4 0-0 10. 0-0 b6 11. Qe2 Bb7 12. Rfd1 Ne4 13. Bxe7 Qxe7 14. Ba6 Bxa6 15. Qxa6 Ndf6 16. Rac1 c4 17. Ne5 Nxc3 18. Rxc3 Ne4 19. Rc2 Rfc8 20. Qb5 Qd6 21. f3 Nf6 22. Qa6 Nd7 23. Nxd7 Qxd7 24. e4 b5 25. a4 b4 26. exd5 Qxd5 27. Qb5 Qxb5 28. axb5 Rab8 29. Rdc1 Rxb5 30. Rxc4 Rxc4 31. Rxc4 Rb7 32. Kf2 Kf8 33. Ke3 Ke7 34. Rc6 Kd7 35. Ra6 Rc7 36. Kd3 Kc8 37. Ra4 b3 38. Rc4 Rxc4 39. Kxc4 Kc7 40. Kxb3 Kd6 41. Kc4 a5 42. b3 f5 43. f4 g5 44. g3 g4 45. d5 1-0

[Event "Asuncion Aurora Cup U2200"]
[Site "Asuncion"]
[Date "2018.10.20"]
[Round "3"]
[White "Lopez, Francisco1111"]
[Black "Gonzalez, Augusto"]
[Result "1/2-1/2"]
[WhiteElo "1646"]
[BlackElo "1771"]
[PlyCount "99"]
[EventDate "2018.10.19"]
[EventType "swiss"]
[EventRounds "7"]
[EventCountry "PAR"]
[SourceTitle "CBM 187 Extra"]
[Source "ChessBase"]
[SourceDate "2018.11.04"]
[SourceVersion "1"]
[SourceVersionDate "2018.11.04"]
[SourceQuality "1"]

1. e4 e6 2. d3 d5 3. Nd2 Nf6 4. g3 dxe4 5. dxe4 Bc5 6. h3 Nc6 7. Bg2 Qd4 8. Qe2 Nb4 9. Nb3 Qxf2+ 10. Qxf2 Bxf2+ 11. Kxf2 Nxc2 12. Rb1 Nb4 13. Bd2 Nd3+ 14. Ke2 Ne5 15. Rc1 b6 16. Rxc7 Ba6+ 17. Kd1 Nd3 18. Kc2 0-0 19. Rh2 Rac8 20. Rxc8 Rxc8+ 21. Kb1 Ne5 22. Bc3 Bd3+ 23. Ka1 Ned7 24. Bh1 Nxe4 25. Bxe4 Bxe4 26. Rd2 Nf8 27. Ne2 f6 28. Nf4 e5 29. Nd5 Kf7 30. Ne3 a5 31. Rd6 Rc6 32. Rxc6 Bxc6 33. Nc4 a4 34. Nbd2 b5 35. Na5 Bg2 36. h4 Ke6 37. Kb1 Kd5 38. Kc2 e4 39. Kd1 e3 40. Nb1 Ne6 41. Ke1 Nc5 42. Na3 Nd3+ 43. Ke2 Ke4 44. Nxb5 Bf3+ 45. Kf1 e2+ 46. Kg1 Nxb2 47. Be1 Nd3 48. Bc3 e1Q+ 49. Bxe1 Nxe1 50. Nc3+ 1/2-1/2

[Event "Asuncion Aurora Cup U2200"]
[Site "Asuncion"]
[Date "2018.10.20"]
[Round "4"]
[White "Montiel, Angel Nathanael"]
[Black "Gonzalez, Augusto"]
[Result "1-0"]
[WhiteElo "1607"]
[BlackElo "1771"]
[PlyCount "85"]
[EventDate "2018.10.19"]
[EventType "swiss"]
[EventRounds "7"]
[EventCountry "PAR"]
[SourceTitle "CBM 187 Extra"]
[Source "ChessBase"]
[SourceDate "2018.11.04"]
[SourceVersion "1"]
[SourceVersionDate "2018.11.04"]
[SourceQuality "1"]

1. e4 c6 2. d4 d5 3. Nc3 dxe4 4. Nxe4 Bf5 5. Ng3 Bg6 6. h4 h6 7. h5 Bh7 8. Bd3 Bxd3 9. Qxd3 e6 10. Nf3 Nd7 11. Bd2 Ngf6 12. 0-0-0 Be7 13. Kb1 0-0 14. Qe2 Qb6 15. Nf1 Nd5 16. g4 Ba3 17. b3 Bb4 18. c4 Nc3+ 19. Bxc3 Bxc3 20. Qc2 Bb4 21. g5 Be7 22. gxh6 gxh6 23. Rg1+ Kh8 24. Qd2 Kh7 25. Qd3+ f5 26. Rg6 Rf6 27. Qe3 Bf8 28. Rxf6 Nxf6 29. Qxe6 Bg7 30. Qxf5+ Kh8 31. Ne3 Qc7 32. Rg1 Rf8 33. Ne5 Kg8 34. Qe6+ Kh7 35. Qf5+ Kg8 36. Qg6 Ne8 37. Nf5 Rxf5 38. Qxf5 Nd6 39. Qe6+ Kh7 40. Nd7 Kh8 41. Rxg7 Kxg7 42. Qg6+ Kh8 43. Qxh6+ 1-0

[Event "Asuncion Clasificatorio op 4th"]
[Site "Asuncion"]
[Date "2018.06.09"]
[Round "2"]
[White "Gonzalez, Augusto"]
[Black "Benitez Galeano, Alejandro"]
[Result "0-1"]
[WhiteElo "1740"]
[BlackElo "2121"]
[PlyCount "116"]
[EventDate "2018.06.08"]
[EventType "swiss"]
[EventRounds "7"]
[EventCountry "PAR"]
[SourceTitle "CBM 184 Extra"]
[Source "ChessBase"]
[SourceDate "2018.06.28"]
[SourceVersion "1"]
[SourceVersionDate "2018.06.28"]
[SourceQuality "1"]

1. d4 Nf6 2. c4 g6 3. Nc3 Bg7 4. e4 d6 5. Nf3 0-0 6. Be2 e5 7. dxe5 dxe5 8. Qxd8 Rxd8 9. Bg5 Re8 10. Nd5 Nxd5 11. cxd5 c6 12. Bc4 b5 13. Bb3 Bb7 14. Rc1 Rc8 15. Be3 h6 16. 0-0 Nd7 17. dxc6 Bxc6 18. Rxc6 Rxc6 19. Bd5 Rac8 20. Bxc6 Rxc6 21. Rd1 Nb6 22. Rc1 Rxc1+ 23. Bxc1 a6 24. Kf1 f6 25. Ke2 Kf7 26. Kd3 Na4 27. Kc2 Nc5 28. Nd2 Bf8 29. f3 h5 30. Nb3 Ne6 31. Be3 Ke8 32. Nc1 Kd7 33. Ne2 Kc6 34. Nc3 Nc7 35. Ba7 Kb7 36. Be3 Bd6 37. Kb3 Kc6 38. a4 f5 39. Bg5 Ne6 40. axb5+ axb5 41. Be3 f4 42. Bf2 Nc7 43. Bh4 b4 44. Ne2 Kb5 45. Nc1 Ne6 46. Bf2 Bc5 47. Bxc5 Nxc5+ 48. Kc2 g5 49. b3 g4 50. h3 gxf3 51. gxf3 Ne6 52. Ne2 h4 53. Kd2 Ng5 54. Ng1 Kc5 55. Ke2 Ne6 56. Kd3 Nd4 57. Kd2 Nxb3+ 58. Kc2 Kc4 0-1

[Event "PAR-ch qual2"]
[Site "Asuncion"]
[Date "2018.04.29"]
[Round "1"]
[White "Frutos Moreno, Carlos Manuel"]
[Black "Gonzalez, Augusto"]
[Result "0-1"]
[WhiteElo "1179"]
[BlackElo "1713"]
[PlyCount "28"]
[EventDate "2018.04.29"]
[EventType "swiss"]
[EventRounds "7"]
[EventCountry "PAR"]
[SourceTitle "EXT 2019"]
[Source "ChessBase"]
[SourceDate "2018.10.10"]
[SourceVersion "1"]
[SourceVersionDate "2018.10.10"]
[SourceQuality "1"]

1. c4 Nf6 2. Nc3 e6 3. g3 d5 4. cxd5 exd5 5. Bg2 c6 6. e3 Bd6 7. Nge2 0-0 8. 0-0 Bf5 9. d4 Nbd7 10. Re1 Re8 11. Bd2 Nf8 12. Kh1 Qd7 13. Ng1 Ng4 14. h3 Nxf2+ 0-1

[Event "PAR-ch qual2"]
[Site "Asuncion"]
[Date "2018.04.29"]
[Round "3"]
[White "Montiel, Angel Nathanael"]
[Black "Gonzalez, Augusto"]
[Result "0-1"]
[WhiteElo "1202"]
[BlackElo "1713"]
[PlyCount "80"]
[EventDate "2018.04.29"]
[EventType "swiss"]
[EventRounds "7"]
[EventCountry "PAR"]
[SourceTitle "EXT 2019"]
[Source "ChessBase"]
[SourceDate "2018.10.10"]
[SourceVersion "1"]
[SourceVersionDate "2018.10.10"]
[SourceQuality "1"]

1. e4 e6 2. d4 d5 3. Nc3 Nf6 4. e5 Nfd7 5. f4 c5 6. Nf3 Nc6 7. Be3 cxd4 8. Nxd4 Bc5 9. Nxc6 bxc6 10. Bxc5 Nxc5 11. Qg4 0-0 12. Be2 Qb6 13. Rb1 d4 14. Nd1 Qb4+ 15. c3 dxc3 16. Nxc3 Qb6 17. 0-0 Ne4+ 18. Kh1 Nf2+ 19. Rxf2 Qxf2 20. Rf1 Qb6 21. Ne4 Ba6 22. Nf6+ Kh8 23. Qh5 h6 24. Ng4 Kh7 25. f5 Bxe2 26. f6 Bxg4 27. fxg7 Kxg7 28. Qxg4+ Kh8 29. Rf6 Qe3 30. h4 Qe1+ 31. Kh2 Qxe5+ 32. Rf4 Rg8 33. Qf3 Rg7 34. Kh3 Rag8 35. g4 Qd5 36. Qe3 Kh7 37. Kh2 Rxg4 38. Rxf7+ R4g7 39. Rf3 e5 40. b3 Rg2+ 0-1